LIBRARY ONLINE CATALOGUE

Natural resource management strategy : (Record no. 9973)

MARC details
000 -LEADER
fixed length control field 00677cam a22002052 4500
001 - CONTROL NUMBER
control field 0000023791
005 - DATE AND TIME OF LATEST TRANSACTION
control field 20151217152248.0
008 - FIXED-LENGTH DATA ELEMENTS--GENERAL INFORMATION
fixed length control field 130325s xx 000 0 eng d
020 ## - INTERNATIONAL STANDARD BOOK NUMBER
International Standard Book Number 0821348108 :
040 ## - CATALOGING SOURCE
Original cataloging agency KABU
Transcribing agency KABU
245 10 - TITLE STATEMENT
Title Natural resource management strategy :
Remainder of title Eastern Europe and Central Asia.
250 ## - EDITION STATEMENT
Edition statement 1st ed.
260 ## - PUBLICATION, DISTRIBUTION, ETC. (IMPRINT)
Place of publication, distribution, etc. Washington, D. C. :
Name of publisher, distributor, etc. World Bank,
Date of publication, distribution, etc. 2000.
300 ## - PHYSICAL DESCRIPTION
Extent xvi, 134 p.
650 #0 - SUBJECT ADDED ENTRY--TOPICAL TERM
Topical term or geographic name as entry element Natural resources
General subdivision Management
Geographic subdivision Europe, Eastern.
-- 0000183503
650 #0 - SUBJECT ADDED ENTRY--TOPICAL TERM
Topical term or geographic name as entry element Natural resources
General subdivision Management
Geographic subdivision Asia, Central.
-- 0000183504
852 1# - LOCATION
-- p1200 KES
908 ## - PUT COMMAND PARAMETER (RLIN)
Put command parameter 130325
950 ## - LOCAL HOLDINGS (RLIN)
-- 1
Holdings
Withdrawn status Lost status Source of classification or shelving scheme Not for loan Home library Current library Date acquired Total Checkouts Full call number Barcode Date last seen Price effective from Koha item type
    Library of Congress Classification   Kabarak, Main Campus Kabarak, Main Campus 17/12/2015   HC244 .Z9E59 2000 c. 1 014579 02/08/2024 17/12/2015 General Collection